000 00654nam a2200229Ia 4500
003 OSt
005 20220928115706.0
006 a|||||r|||| 00| 0
007 ta
008 220927b |||||||| |||| 00| 0 eng d
024 _a43931
037 _cTextual
040 _aSDCL
_cSDCL
_beng
041 _2eng
_aeng
082 _aR14, K9
100 _aLanger Susanne K
_9415784
245 0 _aPhilosophy in a new key
_b A study in the symbolism of reason,rite and art.
260 _aCambridge
_bHarvard University Press
_c1969
300 _axi,313p.
_ccm.
942 _hR14, K9
_cTEXL
_2CC
999 _c760494
_d760494